000 00969nam a2200241 a 4500
001 BRCA_2209
005 20190320203721.0
008 920603s1992####sp-a#####b---#001-0#spa-#
020 _a8487317170
040 _aDLC
_cDLC
_dDLC
050 4 _aND813.R5
_b.R52 1992
245 1 0 _aRibera
_b1591-1652
_cdirección Alfonso E. Pérez Sánchez, Nicola Spinosa.
260 _aMadrid
_bMuseo del Prado
_c1992
300 _a520 p.
_bil. (algunas a color)
_c30 cm.
500 _aIncluye apéndice documental de la vida y obra de José de Ribera
500 _aCatálogo de la exposición realizada en el Museo del Prado, 2 junio - 16 agosto, 1992
500 _aEstado físico: encuadernado, marzo 2015. Debido a su gran extensión de páginas se encuaderno en dos partes
504 _aBibliografía : p. 507-520
600 1 4 _aRibera, José de
_d1591-1652
_vExposiciones
_95134
700 1 _aPérez Sánchez, Alfonso E.
_92166
700 1 _aSpinosa, Nicola
_95207
942 _2lcc
_cB
999 _c1965
_d1965